Więcej i liczniej (Kolega Ignacy) - Statystyki

Ogólne statystyki
  • Ten quiz został rozwiązany 360 razy
  • Średni wynik to 6 z 10
Statystyki odpowiedzi
Zagadnienie Odpowiedź % Poprawnych
Powierzchnia III: Kongo
100%
Powierzchnia V: Unia Europejska
100%
Powierzchnia II: Andora
67%
Powierzchnia IV: Jamajka
67%
Ludność I: Nowa Zelandia
67%
Ludność II: Poznań (samo miasto)
67%
Ludność V: Chiny
33%
Powierzchnia I: Finlandia
33%
Ludność III: Warszawa (samo miasto)
33%
Ludność IV: Liechtenstein
0%
Nie znaleziono quizów pasujących do podanych kryteriów
Rozkład punktacji
Procent ludzi z każdym wynikiem
Percentyl według liczby udzielonych odpowiedzi
Twoja historia wyników
Nie rozwiązałeś tego quizu